|
|
|
|
| LEADER |
01566nam a2200289 u 4500 |
| 001 |
10077153 |
| 003 |
upatras |
| 005 |
20250321130746.0 |
| 008 |
030331s2001 nl f 0 eng |
| 020 |
|
|
|a 9004120041
|
| 040 |
|
|
|a GR-PaULI
|c GR-PaULI
|b gre
|
| 041 |
|
|
|a eng
|
| 082 |
1 |
4 |
|a 872.01
|2
|
| 100 |
|
|
|a Keulen, Atze J.
|9 77082
|e συγγραφέας
|
| 245 |
1 |
0 |
|a L. Annaeus Seneca Troades :
|b introduction, text, and commentary /
|c by Atze J. Keulen
|
| 260 |
|
|
|a Leiden ;
|a Boston :
|b Brill,
|c 2001
|
| 300 |
|
|
|a 573 σ. ;
|b
|c 25 εκ.
|
| 490 |
|
|
|a Mnemosyne, bibliotheca classica Batava. Supplementum,
|v 212
|x 0169-8958
|
| 504 |
|
|
|6 Περιλαμβάνει βιβλιογραφία και ευρετήριο
|
| 600 |
|
0 |
|a Σενέκας, Λούκιος Ανναίος,
|d 4 π.Χ.-65 μ.Χ.
|x Μεταφράσεις στα Αγγλικά
|9 77149
|
| 650 |
|
0 |
|9 76948
|a Λατινικό δράμα (Τραγωδία)
|x Ιστορία και κριτική
|
| 830 |
|
0 |
|a Mnemosyne, bibliotheca classica Batava.
|p Supplementum (Brill)
|n Series xviii ,
|v 212
|x 0169-8958
|9 156228
|
| 942 |
|
|
|2 ddc
|c BK15
|
| 952 |
|
|
|0 0
|1 0
|2 ddc
|4 0
|6 872_010000000000000_KEU
|7 0
|9 204924
|a LISP
|b LISP
|c BSC
|d 2016-09-05
|i 099663
|l 1
|o 872.01 KEU
|p 025000192318
|r 2018-08-27 00:00:00
|s 2018-08-03
|v 2016.00
|w 2016-09-05
|y BK15
|
| 952 |
|
|
|0 0
|1 0
|2 ddc
|4 0
|6 872_010000000000000_SEN
|7 0
|9 204925
|a LISP
|b LISP
|c BSC
|d 2016-09-05
|i 003123
|l 0
|o 872.01 SEN
|p 025000178634
|r 2016-09-05 00:00:00
|t 2
|y BK15
|x Μεταφορά Τμήματος Φιλολογίας
|
| 998 |
|
|
|c ΜΠΟΥΡΑΣ
|d 2016-08
|
| 999 |
|
|
|c 124634
|d 124634
|